IV Premi Josep M. Rueda i Palenzuela : la dimensió comunitària en la intervenció social = IV Premio Josep M. Rueda i Palenzuela : la dimensión comunitaria en la intervención social la dimensió comunitària en la intervenció social = IV Premio Josep M. Rueda i Palenzuela :
Descripción Física:
[16] p. ; 21 cm
MARC
| LEADER | 00000nam a2200000Ia 4500 | ||
|---|---|---|---|
| 001 | 17208 | ||
| 008 | 160829s2005 xx 000 0 cat d | ||
| 080 | |a FU-31-7 | ||
| 245 | |a IV Premi Josep M. Rueda i Palenzuela : |b la dimensió comunitària en la intervenció social = IV Premio Josep M. Rueda i Palenzuela : |b la dimensión comunitaria en la intervención social | ||
| 260 | |a Barcelona : |b Diputació de Barcelona. Institut d'Edicions, |c 2005 | ||
| 300 | |a [16] p. ; |c 21 cm | ||
| 650 | |a Barcelona. Diputació. Àrea de Benestar Social |x Premis |9 38925 | ||
| 901 | |a Arxiu | ||
| 942 | |n 1 | ||
| 952 | |0 0 |1 0 |4 0 |6 FU317 |7 1 |9 48684 |a Arxiu |b Arxiu |d 2016-12-01 |l 0 |o FU-31-7 |p 17208 |r 2016-12-01 00:00:00 |w 2016-12-01 |y ARXIU | ||
| 999 | |c 52514 |d 52514 | ||